Современные методы очистки воды: учебное пособие
| Yazar: | |
|---|---|
| Müşterek Yazar: | |
| Diğer Yazarlar: | , |
| Özet: | Заглавие с титульного экрана Электронная версия печатной публикации В пособии описаны известные механические, физические, физико-химические, химические и биохимические и другие методы предварительной, финишной, глубокой очистки воды. Рассмотрены принципы их действия, возможности применения для очистки различных вод и промышленных стоков, достоинства и недостатки каждого из методов. Предназначено для студентов, обучающихся по специальностям 250500 «Химическая технология высокомолекулярных соединений» и 140303 «Физика кинетических явлений» направления 550800 «Химическая технология и биотехнология», а также инженерных работников, производственная деятельность которых так или иначе связана с очисткой воды или водоподготовкой. Режим доступа: из корпоративной сети ТПУ |
| Dil: | Rusça |
| Baskı/Yayın Bilgisi: |
Томск, Изд-во ТПУ, 2010
|
| Konular: | |
| Online Erişim: | http://www.lib.tpu.ru/fulltext2/m/2011/m295.pdf |
| Materyal Türü: | MixedMaterials Elektronik Kitap |
| KOHA link: | https://koha.lib.tpu.ru/cgi-bin/koha/opac-detail.pl?biblionumber=201060 |
MARC
| LEADER | 00000nlm0a2200000 4500 | ||
|---|---|---|---|
| 001 | 201060 | ||
| 005 | 20231219161211.0 | ||
| 035 | |a (RuTPU)RU\TPU\book\219156 | ||
| 090 | |a 201060 | ||
| 100 | |a 20110919d2010 m y0rusy50 ca | ||
| 101 | 0 | |a rus | |
| 102 | |a RU | ||
| 105 | |a a j 001zy | ||
| 135 | |a drgn ---uucaa | ||
| 181 | 0 | |a i | |
| 182 | 0 | |a b | |
| 200 | 1 | |a Современные методы очистки воды |e учебное пособие |f А. М. Ивлеева, С. В. Образцов, А. А. Орлов |g Национальный исследовательский Томский политехнический университет (ТПУ) | |
| 203 | |a Текст |c электронный | ||
| 210 | |a Томск |c Изд-во ТПУ |d 2010 | ||
| 300 | |a Заглавие с титульного экрана | ||
| 300 | |a Электронная версия печатной публикации | ||
| 330 | |a В пособии описаны известные механические, физические, физико-химические, химические и биохимические и другие методы предварительной, финишной, глубокой очистки воды. Рассмотрены принципы их действия, возможности применения для очистки различных вод и промышленных стоков, достоинства и недостатки каждого из методов. Предназначено для студентов, обучающихся по специальностям 250500 «Химическая технология высокомолекулярных соединений» и 140303 «Физика кинетических явлений» направления 550800 «Химическая технология и биотехнология», а также инженерных работников, производственная деятельность которых так или иначе связана с очисткой воды или водоподготовкой. | ||
| 333 | |a Режим доступа: из корпоративной сети ТПУ | ||
| 337 | |a Adobe Reader | ||
| 452 | 1 | |0 (RuTPU)RU\TPU\book\212708 |t Современные методы очистки воды |o учебное пособие |f А. М. Ивлеева, С. В. Образцов, А. А. Орлов |g Национальный исследовательский Томский политехнический университет (ТПУ) |c Томск |n Изд-во ТПУ |d 2010 |p 78 с. |a Ивлеева, Айгуль Муратовна | |
| 606 | 1 | |a Вода |x Очистка |2 stltpush |3 (RuTPU)RU\TPU\subj\2661 |9 31199 | |
| 610 | 1 | |a электронный ресурс | |
| 610 | 1 | |a труды учёных ТПУ | |
| 610 | 1 | |a учебные пособия | |
| 610 | 1 | |a подготовка | |
| 610 | 1 | |a водоподготовка | |
| 610 | 1 | |a реагентные методы | |
| 610 | 1 | |a сточные воды | |
| 610 | 1 | |a органические примеси | |
| 610 | 1 | |a гидроаэродинамические методы | |
| 610 | 1 | |a флотация | |
| 610 | 1 | |a электрогидравлические методы | |
| 610 | 1 | |a электрокоагуляционные методы | |
| 610 | 1 | |a электрофлотокоагуляционные методы | |
| 610 | 1 | |a гальванокоагуляционные методы | |
| 610 | 1 | |a биологическая очистка | |
| 610 | 1 | |a радиационное окисление | |
| 610 | 1 | |a термические методы | |
| 610 | 1 | |a электрохимические методы | |
| 610 | 1 | |a очистка перегонкой | |
| 610 | 1 | |a достоинства | |
| 610 | 1 | |a недостатки | |
| 675 | |a 628.16(075.8) |v 3 | ||
| 700 | 1 | |a Ивлеева |b А. М. |c инженер-исследователь Томского политехнического университета |c девичья фамилия Бекназарова |g Айгуль Муратовна |3 (RuTPU)RU\TPU\pers\28276 | |
| 701 | 1 | |a Образцов |b С. В. |g Сергей Викторович | |
| 701 | 1 | |a Орлов |b А. А. |c физик |c профессор Томского политехнического университета, доктор технических наук |f 1962- |g Алексей Алексеевич |3 (RuTPU)RU\TPU\pers\25498 |9 11434 | |
| 712 | 0 | 2 | |a Национальный исследовательский Томский политехнический университет (ТПУ) |c (2009- ) |3 (RuTPU)RU\TPU\col\15902 |
| 801 | 1 | |a RU |b 63413507 |c 20110919 | |
| 856 | 4 | |u http://www.lib.tpu.ru/fulltext2/m/2011/m295.pdf | |
| 942 | |c CF | ||